Zgadnij europejską stolicę po obrazku. - Statystyki

Ogólne statystyki
  • Ten quiz został rozwiązany 51 razy
  • Średni wynik to 11 z 16
Statystyki odpowiedzi
Obrazkowy Odpowiedź % Poprawnych
Londyn
100%
Moskwa
96%
Paryż
96%
Warszawa
87%
Ateny
85%
Budapeszt
67%
Praga
67%
Amsterdam
65%
Rzym
61%
Lizbona
59%
Wiedeń
57%
Kijów
50%
Madryt
50%
Bukareszt
48%
Wilno
41%
Sztokholm
30%
Nie znaleziono quizów pasujących do podanych kryteriów
Rozkład punktacji
Procent ludzi z każdym wynikiem
Percentyl według liczby udzielonych odpowiedzi
Twoja historia wyników
Nie rozwiązałeś tego quizu